| 000 | 00658nam a2200229 a 4500 | ||
|---|---|---|---|
| 001 | 4928683 | ||
| 005 | 20180813041311.0 | ||
| 008 | 960215s1996 iaua b 001 0 eng | ||
| 010 | _a 95080772 | ||
| 020 | _a0697293904 (main text) | ||
| 040 |
_aDLC _cDLC |
||
| 041 | _aeng | ||
| 080 | _a576 | ||
| 082 | 0 | 0 |
_a576 _220 |
| 100 | 1 | _a11 | |
| 101 | _aMIC | ||
| 245 | 1 | 0 |
_aMicrobiology / _cLansing M. Prescott, John P. Harley, Donald A. Klein. |
| 504 | _aIncludes bibliographical references and index. | ||
| 906 |
_a7 _bcbc _corignew _d3 _eopcn _f19 _gy-gencatlg |
||
| 942 |
_2ddc _cBK |
||
| 999 |
_c47012 _d47012 |
||